International stability and progress: United States interests and instruments (Record no. 477840)

000 -LEADER
fixed length control field 00604cam a22001577a 4500
008 - FIXED-LENGTH DATA ELEMENTS--GENERAL INFORMATION
fixed length control field 180718b1957 xxu||||| |||| 00| 0 eng d
082 ## - DEWEY DECIMAL CLASSIFICATION NUMBER
Classification number D78x73 Am35
100 ## - MAIN ENTRY--PERSONAL NAME
Personal name American, Assembly
245 ## - TITLE STATEMENT
Title International stability and progress: United States interests and instruments
Statement of responsibility, etc. by Assembly American
260 ## - PUBLICATION, DISTRIBUTION, ETC.
Place of publication, distribution, etc. New York
Name of publisher, distributor, etc. American Assembly
Date of publication, distribution, etc. 1957
300 ## - PHYSICAL DESCRIPTION
Extent ix,184p.
500 ## - GENERAL NOTE
General note Background papers and final report of the Assembly/held on May 2-5 1957
650 ## - SUBJECT ADDED ENTRY--TOPICAL TERM
Topical term or geographic name entry element United States --Foreign relations --1945-
650 ## - SUBJECT ADDED ENTRY--TOPICAL TERM
Topical term or geographic name entry element Economic assistance, American
650 ## - SUBJECT ADDED ENTRY--TOPICAL TERM
Topical term or geographic name entry element International economic relations
Holdings
Withdrawn status Lost status Damaged status Not for loan Permanent Location Current Location Date acquired Full call number Barcode Date last seen Price effective from Koha item type
        Indian Institute of Public Administration Indian Institute of Public Administration 2018-08-04 D78x73 Am35 GR1868 2018-08-04 2018-08-04 GR

Powered by Koha